000 02773nam a2200205Ia 4500
003 Ost
005 20260507075110.0
008 260507s9999||||xx |||||||||||||| ||und||
020 _a1375919977
040 _cfsecg
041 _aara
082 _a330
100 _aالخضيري، محسن احمد
_eمؤلف
245 0 _aاقتصاد المعرفة /
_c محسن احمد الخضيري
260 _aالقاهرة:
_bمجموعة النيل العربية,
_c2001
300 _c24 سم
520 _aلقد ظل اقتصاد المعرفة بابًا مغلقًا لا يرغب الكثيرون في فتحه، وظل هذا الاقتصاد أقل الجوانب حظًا من حيث التناول بالبحث والدراسة والتحليل، وأقل حظًا أيضًا من حيث الفهم .. كل ذلك حتى وقت قريب.. إن اقتصاد المعرفة، هو اقتصاد جديد وذو طابع خاص، حيث يستمد خصوصيته من الدور الذي سيقوم به في المستقبل، فهو اقتصاد يرتبط باقتصاديات العرض والطلب، والتوازنات الحركية لآليات السوق، وبالدوافع المحركة للتطوير والابتكار، وهي مرتبطة بالاكتشافات الحديثة وبظروف التحسين والتجديد. إن الصراع العالمي في عالم ما بعد الجات، عالم منظمة التجارة العالمية، عالم المعرفة، عالم الألفية الثالثة، لن يكون صراعاً على رأس المال، أو المواد الرخيصة، أو الأسواق المفتوحة .. بل أنه وسيستمر لفترة طويلة، صراعًا على المعرفة، لأن المعرفة هي التي ستصنع القوة، وتوفر المال، وتخلق المواد الخام، وتفتح الأسواق، بل أن “المعرفة” سوف تشكل اقتصادًا جديدًا في كافة المجالات وسوف تكون دائمة التطور والارتقاء. فعلاً وحقيقة … نحن نعيش عصر المعلومات، عصر القرن الحادي والعشرون، عصر مراكز دعم اتخاذ القرارات، عصر خلاصته أن “المعرفة” هي مفتاح النمو الاقتصادي، وأساس قاعدي متين لإيجاد المزايا التنافسية، وفتح الأسواق، وما أحوج شركاتنا ومؤسساتنا إلى الدخول إلى هذا العصر. إن هذا كله أمرًا ليس صعبًا، كما أنه ليس مستحيلاً .. بل إنه دائمًا في إطار الممكن وما يجب أن يكون.
653 _aاقتصاد
942 _cكتاب
999 _c42876
_d42876